Music Quiz

Random Music or Rock Quiz

Are You Ready to Rock? II Quiz Stats

Quiz Updated May 21, 2016

Challenge
Share
Tweet
Score 0/25 Timer 05:00
162 Plays Today
% Correct
Queen
93.7%
Aerosmith
93.5%
The Jimi Hendrix Experience
87.4%
U2
86.8%
Black Sabbath
84%
The Doors
82%
Bon Jovi
76.6%
Bruce Springsteen
73.9%
Bob Dylan
73.2%
Foo Fighters
72.9%
Metallica
72%
The Who
67.5%
R.E.M.
59.8%
% Correct
Joan Jett
56.6%
Sex Pistols
55.8%
Journey
54.6%
Poison
54.1%
Bryan Adams
47.8%
The Cure
46.5%
The Clash
39.2%
Mumford & Sons
33.7%
Iron Maiden
31.8%
Muse
31.6%
The Kinks
28.6%
The Black Keys
27.5%

You're not logged in!

Compare scores with friends on all Sporcle quizzes.
Sign Up with Email
OR
Log In

You Might Also Like...

Show Comments

Extras

Top Quizzes Today


Score Distribution

Your Account Isn't Verified!

In order to create a playlist on Sporcle, you need to verify the email address you used during registration. Go to your Sporcle Settings to finish the process.